Travis Scott - UTOPIA (Tracklista) - Statystyki

Ogólne statystyki
  • Ten quiz został rozwiązany 120 razy
  • Średni wynik to 13 z 19
Statystyki odpowiedzi
Nr Nazwa utworu % Poprawnych
8 FE!N
94%
4 MY EYES
84%
1 HYAENA
83%
7 MELTDOWN
82%
18 TELEKINESIS
79%
5 GOD'S COUNTRY
73%
10 I KNOW ?
72%
2 THANK GOD
71%
11 TOPIA TWINS
71%
3 MODERN JAM
69%
19 TIL FURTHER NOTICE
69%
17 K-POP
68%
16 LOOOVE
68%
12 CIRCUS MAXIMUS
65%
13 PARASAIL
63%
6 SIRENS
62%
14 SKITZO
62%
9 DELRESTO (ECHOES)
59%
15 LOST FOREVER
58%
Nie znaleziono quizów pasujących do podanych kryteriów
Rozkład punktacji
Procent ludzi z każdym wynikiem
Percentyl według liczby udzielonych odpowiedzi
Twoja historia wyników
Nie rozwiązałeś tego quizu